ბათუმის შოთა რუსთაველის სახელმწიფო უნივერსიტეტის ბიბლიოთეკა

მეზღაპრის საჩუქარი. (ბიბ.ჩანაწერი № 39932)

000 -LEADER
fixed length control field 00837nam a2200229Ia 4500
001 - CONTROL NUMBER
control field 6538
003 - CONTROL NUMBER IDENTIFIER
control field GE_BSU
008 - FIXED-LENGTH DATA ELEMENTS--GENERAL INFORMATION
fixed length control field 181216s||||||||xx |||||||||||||| ||und||
040 ## - CATALOGING SOURCE
Transcribing agency GE_BSU
080 ## - UNIVERSAL DECIMAL CLASSIFICATION NUMBER
Universal Decimal Classification number 82-93
100 ## - MAIN ENTRY--PERSONAL NAME
Personal name ბეზარიშვილი,ნინო.
245 ## - TITLE STATEMENT
Title მეზღაპრის საჩუქარი.
245 ## - TITLE STATEMENT
Remainder of title მოთხრობები უმცრ.სასკოლო ასაკის ბავშვთათვის.
245 ## - TITLE STATEMENT
Statement of responsibility, etc. რედ:მ.ახვლედიან,მხატვ.:ნ.ხინველი.
260 ## - PUBLICATION, DISTRIBUTION, ETC.
Place of publication, distribution, etc. თბილისი.
260 ## - PUBLICATION, DISTRIBUTION, ETC.
Name of publisher, distributor, etc. ნაკადული.
260 ## - PUBLICATION, DISTRIBUTION, ETC.
Date of publication, distribution, etc. 1976.
300 ## - PHYSICAL DESCRIPTION
Extent 300გვ;20სმ.
653 ## - INDEX TERM--UNCONTROLLED
Uncontrolled term მეზღაპრის საჩუქარი.
653 ## - INDEX TERM--UNCONTROLLED
Uncontrolled term მოთხრობები.
942 ## - ADDED ENTRY ELEMENTS (KOHA)
Koha item type წიგნი
ეგზემპლარები
Withdrawn status Lost status Damaged status Not for loan Date acquired Barcode Date last seen Price effective from Koha item type
        2018-12-17 13995 2018-12-17 2018-12-17 წიგნი